La sucesión ab-intestato en derecho internacional privado / (Record no. 110585)

MARC details
000 -LEADER
campo de control de longitud fija 01002nam a2200253 i 4500
001 - NÚMERO DE CONTROL
campo de control 110585
003 - IDENTIFICADOR DE NÚMERO DE CONTROL
campo de control ES-MaACL
005 - FECHA Y HORA DE LA ÚLTIMA TRANSACCIÓN
campo de control 20250815062639.0
007 - CAMPO FIJO DE DESCRIPCIÓN FÍSICA--INFORMACIÓN GENERAL
campo de control de longitud fija t|
008 - DATOS DE LONGITUD FIJA--INFORMACIÓN GENERAL
campo de control de longitud fija 070202q18901899sp ||||1| spa d
080 ## - NÚMERO DE LA CLASIFICACIÓN DECIMAL UNIVERSAL
Número de la Clasificación Decimal Universal 341.96:347.65
100 1# - ENTRADA PRINCIPAL--NOMBRE DE PERSONA
Nombre de persona Champcommunale, J.
9 (RLIN) 37910
245 13 - MENCIÓN DEL TÍTULO
Título La sucesión ab-intestato en derecho internacional privado /
Mención de responsabilidad, etc. por M.J. Champcommunale ; versión castellana por el doctor Alejo García Góngora ; con notas y adiciones relativas a los Estados Americanos por Alejo García Moreno.
260 ## - PUBLICACIÓN, DISTRIBUCIÓN, ETC.
Lugar de publicación, distribución, etc. Madrid :
Nombre del editor, distribuidor, etc. La España Moderna,
Fecha de publicación, distribución, etc. [189-?]
300 ## - DESCRIPCIÓN FÍSICA
Extensión 572 p. ;
Dimensiones 23 cm.
490 1# - MENCIÓN DE SERIE
Mención de serie Biblioteca de jurisprudencia, filosofía e historia
650 14 - PUNTO DE ACCESO ADICIONAL DE MATERIA--TÉRMINO DE MATERIA
Término de materia o nombre geográfico como elemento de entrada Sucesión intestada.
9 (RLIN) 17243
650 14 - PUNTO DE ACCESO ADICIONAL DE MATERIA--TÉRMINO DE MATERIA
Término de materia o nombre geográfico como elemento de entrada Sucesiones (Derecho internacional)
9 (RLIN) 17244
700 1# - ENTRADA AGREGADA--NOMBRE PERSONAL
Nombre de persona García Moreno, A.
9 (RLIN) 54997
700 1# - ENTRADA AGREGADA--NOMBRE PERSONAL
Nombre de persona García Góngora, Alejo.
9 (RLIN) 54704
830 00 - PUNTO DE ACCESO ADICIONAL DE SERIE-TÍTULO UNIFORME
Título uniforme Biblioteca de jurisprudencia, filosofía e historia
9 (RLIN) 180691
852 ## - LOCALIZACIÓN
Ubicación ES-MaACL
Número de control de estantería F-14802
Holdings
Estatus retirado Estado de pérdida Estado de daño No para préstamo Colección Biblioteca de origen Biblioteca actual Ubicación en estantería Fecha de adquisición Fuente de adquisición Total de préstamos Signatura topográfica completa Código de barras Visto por última vez Precio de reemplazo Tipo de ítem Koha
        Libros del s. XIX Biblioteca del Ateneo de Madrid Biblioteca del Ateneo de Madrid Sala Pecera Planta 2 17/01/2008     F-14802 1115379 23/02/2023 23/02/2023 Libro impreso antiguo